000 00386nam a2200121 4500
999 _c13755
_d13755
008 190403b ||||| |||| 00| 0 eng d
100 _938231
_aCordova, Calvin
245 _aSuspension of quarrying in central visayas lifted/
_cCalvin Cordova
260 _aPhilippines:
_bManila Bulletin;
_cc2018.
300 _apage 7.
650 0 _938232
_aMines and mineral resources.
942 _2ddc
_cPER